000 00350nam a2200133 i 4500
001 bg
100 1 _aPARYJCZAK, Tadeusz
245 0 _aChromatografia gazowa w badaniach adsorpcji i katalizy /
_cTadeusz Paryjczak.
260 _aWarszawa :
_bPWN,
_c1975.
040 _cBPK
041 _apol
942 _cKS
008 s pl f |000 0 pol
999 _c16580
_d16580
856 _uhttp://koha.tu.koszalin.pl/cgi-bin/koha/opac-detail.pl?biblionumber=16580
_yKatalog online BPK